Compendio de derecho laboral (Tomo I)./ (Registro nro. 8017)
[ vista simple ]
| 000 -LEADER | |
|---|---|
| fixed length control field | 02633nam a2200205Ia 4500 |
| 005 - FECHA Y HORA DE LA ÚLTIMA TRANSACCIÓN | |
| control field | 20250630171018.0 |
| 008 - FIXED-LENGTH DATA ELEMENTS--GENERAL INFORMATION | |
| fixed length control field | 230427s9999 xx 000 0 und d |
| 020 ## - INTERNATIONAL STANDARD BOOK NUMBER | |
| International Standard Book Number | 9508850434 |
| 040 ## - CATALOGING SOURCE | |
| Original cataloging agency | UPAN |
| Transcribing agency | Biblioteca San Vicente |
| Description conventions | RCAA2 |
| 041 ## - LANGUAGE CODE | |
| Language code of text/sound track or separate title | spa |
| 082 ## - DEWEY DECIMAL CLASSIFICATION NUMBER | |
| Classification number | 344.01 |
| Item number | C333c |
| año de publicación | 2001 |
| 100 ## - MAIN ENTRY--PERSONAL NAME | |
| Personal name | Caballenas de Torres, Guillermo |
| Relator code | aut. |
| 245 #0 - TITLE STATEMENT | |
| Title | Compendio de derecho laboral (Tomo I)./ |
| Statement of responsibility, etc | Guillermo Caballenas de Torres |
| 250 ## - EDITION STATEMENT | |
| Edition statement | 4° ed. |
| 260 ## - PUBLICATION, DISTRIBUTION, ETC. (IMPRINT) | |
| Place of publication, distribution, etc | Buenos Aires. |
| Name of publisher, distributor, etc | Heliasta |
| Date of publication, distribution, etc | 2001 |
| 300 ## - PHYSICAL DESCRIPTION | |
| Extent | 1038 p.; |
| Dimensions | 23 cm. |
| 505 ## - FORMATTED CONTENTS NOTE | |
| Formatted contents note | Titulo I: <br/>La cuestión social y las doctrinas sociales.<br/>Capitulo I: La cuestión social.<br/>Capitulo II: Doctrinas sociales.<br/>Capitulo III: El intervencionismo estatal.<br/><br/>Titulo II: <br/>El trabajo,<br/>Capitulo I: Concepción general del trabajo.<br/>Capitulo II: Evolución histórica.<br/>Capitulo III: Organización científica del trabajo.<br/><br/>Titulo III:<br/>El derecho de trabajo.<br/>Capitulo I: Aspectos generales del derecho de trabajo.<br/>Capitulo II: Fuentes del derecho de trabajo y derecho laboral positivo.<br/>Capitulo III: Efectividad y exegesis de las normas laborales.<br/>Capitulo IV: Derecho internacional del trabajo.<br/>Capitulo V: Los sujetos del derecho de trabajo.<br/><br/>Titulo IV: <br/>Derecho al trabajo.<br/>Capitulo I: El pleno empleo.<br/>Capitulo II: El paro forzoso.<br/>Capitulo III: El trabajo impuesto.<br/><br/>Titulo V:<br/>Contrato de trabajo.<br/>Capitulo I: Parte general.<br/>Capitulo II: Sujetos de contrato de trabajo.<br/>Capitulo III: Requisitos esenciales del contrato de trabajo.<br/>Capitulo IV: Notas típicas del contrato de trabajo.<br/>Capitulo V: Validez del contrato de trabajo.<br/>Capitulo VI: Derechos y obligaciones de las partes.<br/>Capitulo VII: Modalidades del contrato laboral.<br/>Capitulo VIII: Jornada de trabajo.<br/>Capitulo IX: Descanso laboral.<br/>Capitulo X: El salario.<br/>Capitulo XI. Trabajadores especialmente protegidas; menores y mujeres.<br/>Capitulo XII: Suspensión del contrato de trabajo.<br/><br/>Titulo VI:<br/>Extinción del contrato de trabajo.<br/>Capitulo I: Parte general.<br/>Capitulo II: Causas consensuales o inimputables de disolución del contrato de trabajo.<br/>Capitulo III: Despido.<br/>Capitulo IV: Despido, indirecto o autodespido.<br/>Capitulo V: Preaviso.<br/>Capitulo VI: Indemnizaciones derivadas de la disolución del contrato de trabajo.<br/><br/>Titulo VII:<br/>Contratos especiales de trabajo.<br/>Capitulo I. Contratos y estatus peculiares,<br/>Capitulo II. Aprendizaje y orientación profesional.<br/>Capitulo III: Prestaciones complejas.<br/>Capitulo IV: Profesiones concretas.<br/>Capitulo V: Servidores particulares.<br/>Capitulo VI: Actividades varias. |
| 700 ## - ADDED ENTRY--PERSONAL NAME | |
| Personal name | Gómez Escalante, José N. |
| Relator code | aut. |
| 942 ## - ADDED ENTRY ELEMENTS (KOHA) | |
| Koha item type | Libros |
| Source of classification or shelving scheme | Dewey Decimal Classification |
| Withdrawn status | Lost status | Source of classification or shelving scheme | Damaged status | Not for loan | Collection code | Home library | Current library | Date acquired | Total Checkouts | Full call number | Barcode | Date last seen | Copy number | Price effective from | Koha item type |
|---|---|---|---|---|---|---|---|---|---|---|---|---|---|---|---|
| Dewey Decimal Classification | Colección General | Biblioteca UPAN San Vicente | Biblioteca UPAN San Vicente | 27/04/2023 | 344.01 C333c | 12000666 | 27/04/2023 | 02 | 27/04/2023 | Libros | |||||
| Dewey Decimal Classification | Colección General | Biblioteca UPAN San Vicente | Biblioteca UPAN San Vicente | 24/10/2024 | 344.01 C333c | 12000668 | 24/10/2024 | 02 | 24/10/2024 | Libros | |||||
| Dewey Decimal Classification | Colección General | Biblioteca UPAN San Vicente | Biblioteca UPAN San Vicente | 24/10/2024 | 344.01 C333c | 12003005 | 24/10/2024 | 03 | 24/10/2024 | Libros |